| 000 | 01680cam a2200409 i 4500 | ||
|---|---|---|---|
| 999 |
_c1706 _d1706 |
||
| 001 | (Sirsi) a1203669 | ||
| 003 | OSt | ||
| 005 | 20230120133537.0 | ||
| 008 | 220316t20202020nyua b 000 j eng d | ||
| 020 |
_a9780062868459 _q(paperback) |
||
| 040 |
_aYDX _beng _cYDX _dBDX _dSSH _dIG$ _dOCLCF _dOQX _dFLM _dOCLCQ _dACN _dSO$ _dIUK _dJQM _dTOH _dOCLCO _dEHH _dTDS _dDAD _dEB$ _dZGR _dOCLCO _dZ#6 _dTXSCH _dCHILD _dDLC _dTAE _dKH8 _erda |
||
| 042 | _anbic | ||
| 082 | 0 | _a813.6 DEA | |
| 100 | 1 |
_aDean, Kim, _d1969- _eauthor. |
|
| 245 | 1 | 0 |
_aPete the Kitty and the unicorn's missing colors / _cby Kimberly & James Dean. |
| 250 | _aFirst edition. | ||
| 264 | 1 |
_aNew York, NY : _bHarper, an imprint of HarperCollinsPublishers, _c[2020] |
|
| 264 | 4 | _c©2020. | |
| 300 |
_a32 pages : _bcolor illustrations ; _c24 cm. |
||
| 336 |
_atext _btxt _2rdacontent. |
||
| 336 |
_astill image _bsti _2rdacontent. |
||
| 337 |
_aunmediated _bn _2rdamedia. |
||
| 338 |
_avolume _bnc _2rdacarrier. |
||
| 490 | 1 | _aPete the Kitty. | |
| 490 | 1 | _aI can read! My first shared reading. | |
| 520 | _aPete the Kitty's friend Stevie the unicorn somehow lost all the colors in her rainbow tail. It's a good thing Pete has his magical paintbrush to help out! Together, they search for the missing colors of the rainbow. | ||
| 521 | 1 | _aAges 4-8. | |
| 600 | 0 | 0 |
_aPete, _cthe Cat (Fictitious character) _vJuvenile fiction. |
| 650 | 0 |
_aCats _vJuvenile fiction. |
|
| 650 | 0 |
_aUnicorns _vJuvenile fiction. |
|
| 650 | 0 |
_aRainbows _vJuvenile fiction. |
|
| 650 | 0 |
_aColors _vJuvenile fiction. |
|
| 700 | 1 |
_aDean, James, _d1957- _eauthor, _eillustrator. |
|
| 830 | 0 | _aPete the kitty. | |
| 830 | 0 | _aI can read book. | |
| 942 |
_2ddc _cNFIC |
||